Detalles MARC
| 000 -LIDER |
| fixed length control field |
01359nam a2200325 a 4500 |
| 001 - NÚMERO DE CONTROL |
| Identificador de número de control |
000000235 |
| 003 - IDENTIFICACDOR DE NÚMERO DE CONTROL |
| control field |
DO-SdBNP |
| 005 - DATE AND TIME OF LATEST TRANSACTION |
| control field |
20240304093932.0 |
| 007 - CAMPOS FIJOS DE DESCRIPCIÓN FÍSICA |
| fixed length control field |
000000235 |
| 008 - ELEMENTOS DE LONGITUD FIJA |
| fixed length control field |
020906s2008 dr a b 000 0bspa d |
| 020 ## - ISBN |
| International Standard Book Number |
999341011X |
| 020 ## - ISBN |
| International Standard Book Number |
9789993410119 |
| 040 ## - FUENTE DE CATALOGACIÓN |
| Agencia que crea de manera original el registro |
BPMSU |
| Idioma de catalogación |
spa |
| Agencia que realiza la transcripción |
BPMSU |
| 082 #4 - NÚMERO DE CLASIFICACIÓN DECIMAL DE DEWEY |
| Classification number |
923.77295 |
| Item number |
H831C, 2008 |
| Edition number |
22 |
| 100 1# - ASIENTO PRINCIPAL -- NOMBRE PERSONAL |
| Nombre personal |
Cassá, Roberto, |
| Fechas asociadas con el nombre |
1948- |
| 245 10 - MENCIÓN DE TITULO |
| Título |
Eugenio María de Hostos : |
| Subtítulo |
el maestro / |
| Mención de responsabilidad |
Roberto Cassá ;ilustración Ramiro Manzano |
| 250 ## - MENCIÓN DE EDICION |
| Mención de edición |
2a ed. |
| 260 ## - PUBLICACIÓN, DISTRIBUCIÓN, ETC. (PIE DE IMPRENTA) |
| Lugar de publicación, distribución, etc |
Santo Domingo : |
| Nombre del editor, distribuidor, etc. |
Tobogán, |
| Fecha de publicación, distribución, etc |
2008. |
| 300 ## - DESCRIPCIÓN FÍSICA |
| Extensión |
45 p. : |
| Otros detalles físicos |
il. ; |
| Dimensiones |
21 cm. |
| 490 0# - MENCIÓN DE SERIES |
| Mención de serie |
Biografías dominicanas |
| 504 ## - NOTA DE BIBLIOGRAFÍA, ETC. |
| Bibliography, etc |
Bibliografía : p. 45 |
| 505 0# - NOTA DE CONTENIDO |
| Título |
Formación en España y afirmación de lo americano -- |
| -- |
La confederación de las Antillas -- |
| -- |
La misión educativa -- |
| -- |
Mirada a la historia dominicana -- |
| -- |
Hasta mañana -- |
| -- |
Último destello. |
| 590 ## - NOTA LOCAL |
| Texto de la nota local |
Inventariado, 2024/VM |
| 600 10 - ENCABEZAMIENTO DE MATERIA--NOMBRE PERSONAL |
| Nombre personal |
Hostos y Bonilla, Eugenio Mraría de, |
| Fechas asociadas con el nombre |
1839-1903 |
| 650 #4 - ENCABEZAMIENTO DE MATERIA--TEMÁTICO |
| Término temático o nombre geográfico como elemento de entrada |
Maestros |
| Subdivisión temática general |
Biografías |
| 650 #4 - ENCABEZAMIENTO DE MATERIA--TEMÁTICO |
| Término temático o nombre geográfico como elemento de entrada |
Intelectuales |
| Subdivisión geográfica |
Puerto Rico |
| 700 1# - ASIENTO SECUNDARIO -- NOMBRE PERSONAL |
| Término de relación |
Manzano, Ramiro |
| Mención de responsabilidad |
il. |
| 910 ## - VALIDACIÓN |
| Validación |
VMateo V. / Validado. Control de calidad MFF |
| 942 ## - ADDED ENTRY ELEMENTS (KOHA) |
| Source of classification or shelving scheme |
Dewey Decimal Classification |
| Koha item type |
Libros |